[Event "Djerba Open A 2025"]
[Site "Djerba TUN"]
[Date "2025.02.17"]
[Round "2.1"]
[White "Loeffler, Markus"]
[Black "Velten, Paul"]
[Result "0-1"]
[WhiteTitle "IM"]
[BlackTitle "GM"]
[WhiteElo "2232"]
[BlackElo "2505"]
[WhiteFideId "4604822"]
[BlackFideId "681091"]
[EventDate "2025.02.16"]

1. e4 e6 2. d4 d5 3. Nc3 Nc6 4. e5 Bd7 5. h4 Na5 6. a3 c5 7. dxc5 Nc6 8. Nf3
Bxc5 9. b4 Be7 10. Bd3 a6 11. Ne2 f6 12. Bb2 fxe5 13. Nxe5 Bf6 14. Nxc6 bxc6 15.
Nd4 e5 16. Nb3 e4 17. Bxf6 Nxf6 18. Be2 O-O 19. Nc5 Bc8 20. Qd4 a5 21. Rd1 axb4
22. axb4 Qe8 23. h5 Bg4 24. h6 Bxe2 25. Kxe2 Qg6 26. Rh3 Rf7 27. Kf1 Ng4 28. Rg3
Qh5 29. f3 Nxh6 30. Rh3 Rxf3+ 0-1

[Event "Djerba Open A 2025"]
[Site "Djerba TUN"]
[Date "2025.02.17"]
[Round "2.2"]
[White "Sambuev, Bator"]
[Black "Maisuradze, Nino"]
[Result "1-0"]
[WhiteTitle "GM"]
[BlackTitle "WGM"]
[WhiteElo "2416"]
[BlackElo "2174"]
[WhiteFideId "4128290"]
[BlackFideId "13601717"]
[EventDate "2025.02.16"]

1. d4 d5 2. c4 e6 3. Nc3 Be7 4. Nf3 Nf6 5. Bg5 h6 6. Bh4 O-O 7. e3 Ne4 8. Bxe7
Qxe7 9. Rc1 c6 10. h4 Rd8 11. Qb3 Nd7 12. g4 Nxc3 13. Rxc3 e5 14. g5 exd4 15.
Nxd4 c5 16. Nf5 Qe4 17. Ng3 Qb1+ 18. Ke2 dxc4 19. Rxc4 Ne5 20. Bg2 Qg6 21. Rxc5
Bg4+ 22. f3 Be6 23. Qc3 Bc4+ 24. Rxc4 Nxc4 25. Rc1 Rd2+ 26. Kf1 Qd6 27. Nf5 Rd1+
28. Rxd1 Qxd1+ 29. Kf2 Qd2+ 30. Qxd2 Nxd2 31. gxh6 gxh6 32. f4 Nc4 33. b3 Na5
34. Nxh6+ Kg7 35. Nf5+ Kf6 36. Nd6 Rd8 37. e4 Kg6 38. e5 f6 39. Be4+ Kg7 40. Ke3
fxe5 41. fxe5 Rd7 42. Kf4 Nc6 43. Bxc6 bxc6 44. Kg5 a5 45. h5 a4 46. bxa4 c5 47.
a5 c4 48. h6+ Kh7 49. Nxc4 Rc7 50. Ne3 Rc5 51. Kf6 Rxa5 52. e6 Ra3 53. Nf5 Rxa2
54. e7 Re2 55. Kf7 Re5 56. e8=Q Rxf5+ 57. Ke6 Rg5 1-0

[Event "Djerba Open A 2025"]
[Site "Djerba TUN"]
[Date "2025.02.17"]
[Round "2.3"]
[White "Thorfinnsson, Bjorn"]
[Black "Cornileau, Juliette"]
[Result "1-0"]
[WhiteTitle "IM"]
[BlackTitle "WFM"]
[WhiteElo "2377"]
[BlackElo "2144"]
[WhiteFideId "2300982"]
[BlackFideId "36083372"]
[EventDate "2025.02.16"]

1. Nf3 Nf6 2. g3 d5 3. Bg2 e6 4. O-O b5 5. d3 Bb7 6. c4 b4 7. a3 a5 8. axb4 Bxb4
9. Bd2 Nbd7 10. Qb3 Qe7 11. Bxb4 axb4 12. Rxa8+ Bxa8 13. Nbd2 O-O 14. Ra1 dxc4
15. Qxc4 Nb6 16. Qb5 Qd6 17. Rc1 h6 18. Nc4 Nxc4 19. Rxc4 Bd5 20. Rxb4 Nd7 21.
e4 c5 22. Ra4 Rb8 23. Ra6 Qc7 24. Qa4 Rb4 25. Qa1 Bc6 26. Bf1 Qb7 27. Ra2 Bb5
28. Ra7 Qb6 29. Ra8+ Kh7 30. Qd1 g6 31. Qc1 Bc6 32. Re8 Nf6 33. Re7 Kg7 34. Ne5
Be8 35. Qc3 Rb3 36. Nc4 Rxc3 37. Nxb6 Rb3 38. Nc4 Kf8 39. Rc7 Nd7 40. Be2 Ke7
41. f4 Rb8 42. Kf2 Kf8 43. Bd1 Nb6 44. Nd6 Na8 45. Rb7 Rd8 46. e5 Kg8 47. Bf3 h5
48. Nc4 Rxd3 49. Ra7 Kg7 50. Bxa8 Bb5 51. Nd6 Rd2+ 52. Ke1 1-0

[Event "Djerba Open A 2025"]
[Site "Djerba TUN"]
[Date "2025.02.17"]
[Round "2.4"]
[White "Gemelli, Romain"]
[Black "Zaibi, Amir"]
[Result "1/2-1/2"]
[BlackTitle "GM"]
[WhiteElo "2203"]
[BlackElo "2352"]
[WhiteFideId "1336401"]
[BlackFideId "5500796"]
[EventDate "2025.02.16"]

1. d4 e6 2. c4 Bb4+ 3. Bd2 a5 4. g3 d6 5. Bg2 e5 6. e3 Nf6 7. Nc3 O-O 8. Nge2
Nc6 9. O-O Bf5 10. a3 Bxc3 11. Bxc3 Ne4 12. b3 exd4 13. Bxd4 Nxd4 14. Nxd4 Qd7
15. Nxf5 Qxf5 16. Qb1 Rfe8 17. f3 Nxg3 18. hxg3 Qc5 19. Re1 Rxe3 20. Rxe3 Qxe3+
21. Kf1 Re8 22. Ra2 Qg5 23. g4 h5 24. gxh5 Re3 25. Rc2 Qxh5 26. Qb2 Qf5 27. Rd2
b5 28. Kf2 Re7 29. Re2 Qc5+ 30. Kf1 Rxe2 31. Qxe2 bxc4 32. Qe8+ Kh7 33. Qe4+ Kg8
34. Qe8+ Kh7 35. Qe4+ Kg8 36. bxc4 Qxa3 37. Qe8+ Kh7 38. Qxf7 Qc1+ 39. Kf2 Qd2+
40. Kg3 Qg5+ 41. Kh2 a4 42. Bh3 Qd2+ 43. Kg3 Qg5+ 44. Kh2 Qd2+ 45. Kg3 Qg5+ 46.
Kh2 1/2-1/2

[Event "Djerba Open A 2025"]
[Site "Djerba TUN"]
[Date "2025.02.17"]
[Round "2.5"]
[White "Pichon, Ewen"]
[Black "Kadi, Mohamed El Mouldi"]
[Result "1-0"]
[WhiteTitle "FM"]
[WhiteElo "2351"]
[BlackElo "2070"]
[WhiteFideId "45155593"]
[BlackFideId "7901127"]
[EventDate "2025.02.16"]

1. Nf3 Nf6 2. c4 g6 3. Nc3 Bg7 4. e4 d6 5. d4 O-O 6. h3 e5 7. d5 Na6 8. Be3 Nc5
9. Nd2 a5 10. g4 Bd7 11. Qc2 Ne8 12. O-O-O f5 13. gxf5 gxf5 14. Bxc5 dxc5 15.
exf5 Bxf5 16. Nde4 Nd6 17. Bd3 Qh4 18. Nxd6 cxd6 19. Bxf5 Qf4+ 20. Kb1 Qxf5 21.
Ne4 Rad8 22. Rdg1 Kh8 23. Rg4 Bh6 24. Rhg1 Rg8 25. a3 Rxg4 26. hxg4 Qg6 27. Rh1
Rd7 28. Ka2 Bg7 29. f3 Rf7 30. Rh3 Bf8 31. Qa4 Kg8 32. Qe8 Rc7 33. Qxg6+ hxg6
34. Nf6+ Kf7 35. Rh7+ Bg7 36. Rxg7+ Kxg7 37. Ne8+ Kh6 38. Nxc7 Kg5 39. Ne8 Kf4
40. Nxd6 Kxf3 41. Nf7 1-0

[Event "Djerba Open A 2025"]
[Site "Djerba TUN"]
[Date "2025.02.17"]
[Round "2.6"]
[White "Bouzidi, Ahmed"]
[Black "Boudriga, Mohamed Ali"]
[Result "0-1"]
[WhiteTitle "CM"]
[BlackTitle "IM"]
[WhiteElo "2168"]
[BlackElo "2323"]
[WhiteFideId "5501733"]
[BlackFideId "5500460"]
[EventDate "2025.02.16"]

1. e4 e5 2. Nf3 Nc6 3. Bb5 a6 4. Bxc6 dxc6 5. O-O Qf6 6. d4 exd4 7. Bg5 Qd6 8.
Nxd4 Bd7 9. Nc3 Ne7 10. Qd2 O-O-O 11. Qe3 c5 12. Nb3 b6 13. Rfd1 Qe6 14. Rd2 h6
15. Bh4 g5 16. Bg3 Re8 17. Qe2 Kb7 18. Bxc7 Kxc7 19. Qxa6 Nc8 20. Nd5+ Kb8 21.
Nf6 Bc6 22. Nxe8 Qxe8 23. Qf1 Bd6 24. Re1 Qe5 25. g3 h5 26. Qc4 Qe6 27. Qxe6
fxe6 28. c4 Bc7 29. Nc1 Nd6 30. b3 g4 31. Rde2 Nf7 32. Re3 Ng5 33. R1e2 h4 34.
Nd3 Nf3+ 35. Rxf3 gxf3 36. Re3 Rd8 37. Ne1 Rd1 38. Kf1 b5 39. Rxf3 Ba5 40. Re3
bxc4 41. bxc4 h3 42. f3 Bd2 43. Ke2 Ba4 44. Rd3 Bxe1 45. Rxd1 Bxd1+ 46. Kxe1
Bxf3 47. e5 Kc7 48. Kf2 Bb7 49. g4 Ba6 50. g5 Kd7 51. Kg3 Bxc4 52. a4 Bf1 53. a5
Ke7 54. Kf2 Bg2 55. Ke3 Kf7 56. a6 Kg6 57. Kf4 c4 58. a7 Bd5 0-1

[Event "Djerba Open A 2025"]
[Site "Djerba TUN"]
[Date "2025.02.17"]
[Round "2.7"]
[White "Debray, Christopher"]
[Black "Achour, Mohamed Anis"]
[Result "0-1"]
[WhiteTitle "IM"]
[WhiteElo "2320"]
[BlackElo "2066"]
[WhiteFideId "630810"]
[BlackFideId "7904649"]
[EventDate "2025.02.16"]

1. d4 d5 2. Nf3 Nf6 3. Bf4 e6 4. e3 c5 5. c3 Nc6 6. Nbd2 Bd6 7. Bg3 O-O 8. Bb5
cxd4 9. exd4 Qc7 10. Bxd6 Qxd6 11. O-O a6 12. Bxc6 bxc6 13. b4 a5 14. a3 Nd7 15.
Re1 Nb6 16. Nb3 axb4 17. axb4 Ba6 18. Na5 Bb5 19. Qc2 Nc4 20. Nxc4 Bxc4 21. Nd2
Bb5 22. Ra2 Rfb8 23. Rea1 Qd8 24. g3 h6 25. Kg2 Rxa2 26. Qxa2 Qf6 27. Qa7 Rf8
28. Qc7 Qf5 29. Qe5 Qc2 30. Qe3 Qb2 31. Ra7 Qc1 32. h3 Qc2 33. Nf3 Bd3 34. Kh2
Be4 35. Nd2 f5 36. Qf4 Qd1 37. f3 Qe2+ 38. Kg1 Qe1+ 39. Kg2 e5 40. Rxg7+ Kxg7
41. Qxe5+ Rf6 42. Qe7+ Rf7 43. Qe5+ Kh7 0-1

[Event "Djerba Open A 2025"]
[Site "Djerba TUN"]
[Date "2025.02.17"]
[Round "2.8"]
[White "Doucet, Pierre-Alois"]
[Black "Stopa, Jacek"]
[Result "1/2-1/2"]
[BlackTitle "GM"]
[WhiteElo "2027"]
[BlackElo "2310"]
[WhiteFideId "551065738"]
[BlackFideId "1119591"]
[EventDate "2025.02.16"]

1. e4 e5 2. Nf3 Nc6 3. Bb5 a6 4. Ba4 Nf6 5. d3 b5 6. Bb3 Bc5 7. Nc3 d6 8. Nd5 h6
9. c3 Be6 10. O-O Bxd5 11. exd5 Ne7 12. d4 exd4 13. Nxd4 Qd7 14. Qf3 Bxd4 15.
cxd4 Qf5 16. Qg3 Qg6 17. Qc3 O-O 18. Qxc7 Nfxd5 19. Qc2 Qxc2 20. Bxc2 Rfc8 21.
Bb3 Nb6 22. Bf4 Nf5 23. Rad1 g5 24. Bc1 d5 25. g4 Ng7 26. f4 gxf4 27. Bxf4 Rc6
28. Kh1 Nc4 29. Rf2 Re8 30. Be5 Rg6 31. h3 Nxe5 32. dxe5 Rxe5 33. Rxd5 1/2-1/2

[Event "Djerba Open A 2025"]
[Site "Djerba TUN"]
[Date "2025.02.17"]
[Round "2.9"]
[White "Filali, Razzouki Marouane"]
[Black "Willems, Niels"]
[Result "1/2-1/2"]
[WhiteTitle "CM"]
[BlackTitle "FM"]
[WhiteElo "2234"]
[BlackElo "2414"]
[WhiteFideId "9003720"]
[BlackFideId "20695586"]
[EventDate "2025.02.16"]

1. e4 c6 2. d4 d5 3. exd5 cxd5 4. Bd3 Nf6 5. h3 Nc6 6. c3 g6 7. Qc2 e5 8. dxe5
Nxe5 9. Qe2 Qe7 10. Bb5+ Bd7 11. Be3 Bg7 12. Nd2 O-O 13. Bxd7 Nfxd7 14. Ngf3 b5
15. O-O Nxf3+ 16. Nxf3 1/2-1/2

[Event "Djerba Open A 2025"]
[Site "Djerba TUN"]
[Date "2025.02.17"]
[Round "2.10"]
[White "Taieb, Sahbi"]
[Black "Amdouni, Zoubaier"]
[Result "0-1"]
[WhiteTitle "CM"]
[BlackTitle "FM"]
[WhiteElo "2116"]
[BlackElo "2229"]
[WhiteFideId "5500770"]
[BlackFideId "5500419"]
[EventDate "2025.02.16"]

1. d4 Nf6 2. c4 e6 3. Nc3 Bb4 4. f3 d5 5. Bg5 h6 6. Bxf6 Qxf6 7. e3 c5 8. a3
Bxc3+ 9. bxc3 O-O 10. Bd3 dxc4 11. Bxc4 e5 12. Ne2 Nc6 13. O-O exd4 14. cxd4
cxd4 15. Nxd4 Rd8 16. Qb3 Nxd4 17. exd4 Rb8 18. Rad1 b5 19. Rf2 Rb6 20. Bf1 Rxd4
21. Rfd2 Rbd6 22. Rxd4 Rxd4 23. Rc1 Bd7 24. Kh1 Qd6 25. h3 Rd2 26. Qe3 a6 27.
Qa7 Qxa3 28. Qa8+ Kh7 29. Qe4+ f5 30. Qe1 Qd6 31. Ra1 Bc8 32. Rc1 Bb7 33. Qe3
Qd4 34. Qe6 Qf4 35. Rc5 Bxf3 36. Qxf5+ Qxf5 37. Rxf5 Bd5 38. Rf4 g5 39. Rf6 Kg7
40. Rxa6 Rd1 41. Ra7+ Kg8 42. Rd7 Rxf1+ 43. Kh2 Rd1 44. Kg3 Rd2 45. Kg4 Be6+ 0-1

[Event "Djerba Open A 2025"]
[Site "Djerba TUN"]
[Date "2025.02.17"]
[Round "2.11"]
[White "Neininger, Ralph"]
[Black "Papaux, Steve"]
[Result "0-1"]
[WhiteElo "2099"]
[BlackElo "2204"]
[WhiteFideId "4642198"]
[BlackFideId "1337602"]
[EventDate "2025.02.16"]

1. d4 d5 2. c4 c6 3. Nf3 Nf6 4. Nc3 dxc4 5. a4 Bf5 6. Ne5 e6 7. f3 Bb4 8. e4
Bxe4 9. fxe4 Nxe4 10. Bd2 Qxd4 11. Nxe4 Qxe4+ 12. Qe2 Bxd2+ 13. Kxd2 Qd5+ 14.
Kc1 Na6 15. Qe3 Nb4 16. Be2 Nd3+ 17. Nxd3 cxd3 18. Bxd3 Rd8 19. Ra3 Qd4 20. Qxd4
Rxd4 21. a5 Ke7 22. Rb3 b5 23. axb6 axb6 24. Kc2 Rhd8 25. Ra1 f5 26. Rd1 b5 27.
Ra3 e5 28. Ra7+ Kf6 29. Rc7 R8d6 30. Be2 Rxd1 31. Bxd1 e4 32. h4 h6 33. h5 g5
34. hxg6 Kxg6 35. Be2 Kf6 36. g3 Ke5 37. Rf7 Rg6 38. Rc7 b4 39. Rb7 Rxg3 40.
Rxb4 f4 41. Rb8 Rg2 42. Kd1 f3 43. Ba6 Kf4 44. Ke1 e3 45. Rf8+ Kg3 46. Rg8+ Kh4
47. Rf8 Rg1+ 48. Bf1 e2 0-1

[Event "Djerba Open A 2025"]
[Site "Djerba TUN"]
[Date "2025.02.17"]
[Round "2.12"]
[White "Zounani, Yacine"]
[Black "Hallal, Tarik"]
[Result "0-1"]
[WhiteElo "2132"]
[BlackElo "2083"]
[WhiteFideId "20695594"]
[BlackFideId "7924887"]
[EventDate "2025.02.16"]

1. d4 Nf6 2. c4 e6 3. g3 d5 4. Nf3 Be7 5. Bg2 O-O 6. O-O a6 7. Nbd2 Nbd7 8. Qc2
c5 9. dxc5 Nxc5 10. cxd5 Nxd5 11. a3 Bd7 12. e4 Nb6 13. Rd1 Rc8 14. Nc4 Nxc4 15.
Qxc4 Qe8 16. e5 Ba4 17. Re1 Nb3 18. Qg4 h5 19. Qxh5 Nxa1 20. Qg4 Bc2 21. Bh6 Bg6
22. Bxg7 Kxg7 23. Rxa1 Qb5 24. h4 Rc4 25. Nd4 Qc5 26. Rd1 Rd8 0-1

[Event "Djerba Open A 2025"]
[Site "Djerba TUN"]
[Date "2025.02.17"]
[Round "2.13"]
[White "Viers, Emmanuel"]
[Black "Boulrens, Ala Eddine"]
[Result "1-0"]
[WhiteElo "2072"]
[BlackElo "2121"]
[WhiteFideId "656739"]
[BlackFideId "7907559"]
[EventDate "2025.02.16"]

1. Nf3 d5 2. g3 Nf6 3. Bg2 c5 4. O-O Nc6 5. d4 e6 6. a3 cxd4 7. Nxd4 Qb6 8. Nb3
Be7 9. a4 O-O 10. a5 Qc7 11. Nc3 Rd8 12. e3 Bd7 13. Qe2 Ne5 14. e4 dxe4 15. Nxe4
Rac8 16. Nd4 Nc4 17. a6 b6 18. Nc3 e5 19. Ndb5 Qb8 20. b3 Nd6 21. Nxd6 Bxd6 22.
Bb2 Bf5 23. Ne4 Bb4 24. Nxf6+ gxf6 25. Qf3 Bxc2 26. Qxf6 Bc3 27. Bxc3 Rxc3 28.
Rfc1 Rdc8 29. Bb7 R8c7 30. Qxe5 Qf8 31. Ra4 R3c5 32. Rg4+ Bg6 33. Qxc7 Rxc7 34.
Rxc7 Qd6 35. Rc8+ Kg7 36. Rf4 Qd1+ 37. Kg2 Bd3 38. h4 b5 39. Ra8 Qxb3 40. Rxa7
Qd1 41. Ra8 Bf1+ 42. Kh2 Qd7 43. Rb8 1-0

[Event "Djerba Open A 2025"]
[Site "Djerba TUN"]
[Date "2025.02.17"]
[Round "2.14"]
[White "Messala, Noureddine"]
[Black "Rene, Benoit"]
[Result "0-1"]
[BlackTitle "FM"]
[WhiteElo "2069"]
[BlackElo "2108"]
[WhiteFideId "9001476"]
[BlackFideId "600636"]
[EventDate "2025.02.16"]

1. d4 d6 2. Nf3 g6 3. Bf4 Bg7 4. Nc3 c6 5. Qd2 Nd7 6. O-O-O b5 7. d5 c5 8. Ne4
Nb6 9. e3 Nc4 10. Bxc4 bxc4 11. c3 Rb8 12. Ng3 Qa5 13. Kc2 Qxa2 14. Rb1 Rb3 15.
e4 Rxc3+ 16. Qxc3 Bxc3 17. Kxc3 Qb3+ 18. Kd2 Nf6 19. Rhe1 O-O 20. Re3 Qb4+ 21.
Ke2 Ba6 22. Rc3 Nd7 23. Nd2 Nb6 24. Kf3 f5 25. Ne2 fxe4+ 26. Kxe4 Bb7 27. Ng1 0-1

[Event "Djerba Open A 2025"]
[Site "Djerba TUN"]
[Date "2025.02.17"]
[Round "2.15"]
[White "Kakavand, Ramtin"]
[Black "Amrane, Abdellah"]
[Result "0-1"]
[WhiteTitle "FM"]
[BlackTitle "CM"]
[WhiteElo "2106"]
[BlackElo "2021"]
[WhiteFideId "32790597"]
[BlackFideId "7912994"]
[EventDate "2025.02.16"]

1. e4 c5 2. Nf3 Nc6 3. Bb5 e6 4. Bxc6 bxc6 5. d3 Ne7 6. b3 d6 7. Nbd2 e5 8. Nc4
g6 9. c3 Bg7 10. Bb2 f5 11. exf5 Nxf5 12. h4 O-O 13. h5 g5 14. Qe2 g4 15. Nfd2
d5 16. Ne3 Qg5 17. g3 Nxe3 18. Qxe3 Bh6 19. Qxg5+ Bxg5 20. Rd1 Bf5 21. Nf1 d4
22. Nh2 e4 23. cxd4 exd3 24. O-O d2 25. Bc3 Bd3 26. Bxd2 Bxd2 27. Rxd2 Bxf1 28.
Nxf1 Rad8 29. dxc5 Rxd2 30. Nxd2 Rf5 31. b4 Rxh5 32. Nc4 Kf7 33. Kf1 Ke6 34. Ke2
Rh1 35. a4 Ra1 36. Na5 Kd5 37. Kd3 Rxa4 38. Kc3 Ra2 39. Nc4 Rc2+ 0-1

[Event "Djerba Open A 2025"]
[Site "Djerba TUN"]
[Date "2025.02.17"]
[Round "2.16"]
[White "Rekik, Ismail"]
[Black "Chelly, Yahya"]
[Result "1-0"]
[WhiteElo "2006"]
[BlackElo "2106"]
[WhiteFideId "5514100"]
[BlackFideId "5516200"]
[EventDate "2025.02.16"]

1. c4 e5 2. Nc3 Bb4 3. Nf3 Bxc3 4. dxc3 d6 5. g3 Nf6 6. Bg2 O-O 7. O-O Nbd7 8.
Ne1 Qe7 9. a4 a5 10. Nd3 e4 11. Nf4 Nb6 12. b3 Qe5 13. Be3 c5 14. h4 Rd8 15. Qd2
Ng4 16. Rae1 Re8 17. Rd1 Nxe3 18. Qxe3 Bg4 19. Rd2 Rad8 20. Rfd1 Bc8 21. Kh2 f5
22. f3 g6 23. fxe4 fxe4 24. Nd5 Nxd5 25. Rxd5 Qe7 26. Qf4 Rf8 27. Qxe4 Qxe4 28.
Bxe4 Rf2+ 29. Bg2 Re8 30. R1d2 Bf5 31. Rxd6 Rexe2 32. Rxe2 Rxe2 33. Kg1 Re3 34.
Kf2 Rxc3 35. Bxb7 Rxb3 36. Bd5+ Kg7 37. Ra6 Rb4 38. Rxa5 Bd3 39. Rxc5 Rxa4 40.
Rc7+ Kf6 41. Ke3 Ra3 42. Kf4 g5+ 43. hxg5+ Kg6 44. g4 Ra1 45. Bf7+ Kg7 46. Be6+
Kf8 47. Bf5 Rf1+ 48. Ke5 Bxf5 49. gxf5 Ra1 50. c5 Rg1 51. Kf6 Ke8 52. Rxh7 Kd8
53. g6 1-0

[Event "Djerba Open A 2025"]
[Site "Djerba TUN"]
[Date "2025.02.18"]
[Round "3.1"]
[White "Velten, Paul"]
[Black "Pichon, Ewen"]
[Result "1-0"]
[WhiteTitle "GM"]
[BlackTitle "FM"]
[WhiteElo "2505"]
[BlackElo "2351"]
[WhiteFideId "681091"]
[BlackFideId "45155593"]
[EventDate "2025.02.16"]

1. e4 e5 2. Nf3 Nc6 3. d4 exd4 4. Nxd4 Nf6 5. Nxc6 bxc6 6. Nd2 d5 7. exd5 cxd5
8. Bb5+ Bd7 9. Bxd7+ Qxd7 10. O-O Be7 11. b3 O-O 12. Bb2 Rfe8 13. Qf3 Rad8 14.
h3 Ne4 15. Rad1 Bf6 16. Nxe4 Bxb2 17. Ng3 Be5 18. Nf5 c6 19. c4 Re6 20. cxd5
cxd5 21. Rd3 d4 22. Ne3 g6 23. Rfd1 Rde8 24. R3d2 h5 25. Nc4 Bg7 26. Rf1 Qe7 27.
Qd3 Re1 28. Rxe1 Qxe1+ 29. Qf1 Qe4 30. Rd3 Re6 31. g3 Qc6 32. Rd1 h4 33. g4 Qf3
34. Rd3 Qf4 35. Qd1 f5 36. Kg2 Re4 37. gxf5 gxf5 38. Qh5 Re1 39. Nd2 Be5 40. Nf3
Re2 41. Kf1 Re4 42. Ng5 Bg7 43. Rf3 Qc1+ 44. Kg2 Re5 45. Qh7+ Kf8 46. Rxf5+ Rxf5
47. Qxf5+ 1-0

[Event "Djerba Open A 2025"]
[Site "Djerba TUN"]
[Date "2025.02.18"]
[Round "3.2"]
[White "Boudriga, Mohamed Ali"]
[Black "Sambuev, Bator"]
[Result "0-1"]
[WhiteTitle "IM"]
[BlackTitle "GM"]
[WhiteElo "2323"]
[BlackElo "2416"]
[WhiteFideId "5500460"]
[BlackFideId "4128290"]
[EventDate "2025.02.16"]

1. e4 e5 2. Nf3 Nc6 3. Bb5 a6 4. Ba4 Nf6 5. O-O d6 6. Re1 Bd7 7. c3 g6 8. d4 Bg7
9. h3 O-O 10. Bc2 Nh5 11. Bg5 Qe8 12. Be3 f5 13. exf5 e4 14. Ng5 Bxf5 15. g4 d5
16. f3 h6 17. fxe4 dxe4 18. Bb3+ Kh8 19. Nf7+ Rxf7 20. Bxf7 Qxf7 21. Rf1 Rg8 22.
gxh5 gxh5 23. Kh1 Ne7 24. Na3 Qe8 25. Kh2 Bg6 26. Qd2 Nf5 27. Rxf5 Bxf5 28. Rf1
Qe6 29. d5 Qd7 30. Bd4 Kh7 31. Qe3 Bxd4 32. cxd4 Qxd5 33. Qf4 Bg6 34. Nc2 Qxa2
35. Qxc7+ Rg7 36. Qc3 Qd5 37. Qc5 Qb3 38. Qc3 Qxc3 39. bxc3 Rc7 40. Rd1 Rxc3 41.
Ne1 Bf5 42. d5 Bxh3 43. d6 Bd7 44. Rd4 Re3 45. Ng2 Rd3 46. Rxe4 Rxd6 47. Nf4 Kg7
48. Kg3 Kf7 49. Nxh5 b5 50. Nf4 a5 51. Re5 Bc6 52. Rf5+ Ke7 53. Kf2 Rf6 0-1

[Event "Djerba Open A 2025"]
[Site "Djerba TUN"]
[Date "2025.02.18"]
[Round "3.3"]
[White "Achour, Mohamed Anis"]
[Black "Thorfinnsson, Bjorn"]
[Result "0-1"]
[BlackTitle "IM"]
[WhiteElo "2066"]
[BlackElo "2377"]
[WhiteFideId "7904649"]
[BlackFideId "2300982"]
[EventDate "2025.02.16"]

1. d4 Nf6 2. c4 g6 3. g3 d5 4. Bg2 Bg7 5. cxd5 Nxd5 6. e4 Nb4 7. a3 N4a6 8. Ne2
Bg4 9. f3 Bd7 10. Nbc3 h5 11. h4 c5 12. d5 e6 13. dxe6 Bxe6 14. Qxd8+ Kxd8 15.
O-O Nc6 16. f4 Bc4 17. e5 Ke7 18. Be3 Rad8 19. Rfd1 f6 20. Bd5 Bxd5 21. Nxd5+
Ke6 22. Nxf6 Bxf6 23. exf6 Kxf6 24. Rxd8 Rxd8 25. Rc1 Na5 26. b4 cxb4 27. axb4
Nxb4 28. Bxa7 Rd2 29. Bd4+ Kf5 30. Bc3 Rxe2 31. Bxb4 Nc6 32. Rc5+ Kg4 33. Rg5+
Kf3 34. Bd6 Nd4 35. Rxg6 Nf5 36. Bc7 Rg2+ 37. Kh1 Nxg3+ 38. Rxg3+ Kxg3 39. f5+
Kh3 40. Bb6 Rb2 41. Bg1 Rb1 42. f6 Rf1 0-1

[Event "Djerba Open A 2025"]
[Site "Djerba TUN"]
[Date "2025.02.18"]
[Round "3.4"]
[White "Zaibi, Amir"]
[Black "Doucet, Pierre-Alois"]
[Result "1-0"]
[WhiteTitle "GM"]
[WhiteElo "2352"]
[BlackElo "2027"]
[WhiteFideId "5500796"]
[BlackFideId "551065738"]
[EventDate "2025.02.16"]

1. e4 c6 2. d4 d5 3. Nc3 dxe4 4. Nxe4 Nf6 5. Nxf6+ exf6 6. c3 Bd6 7. Bd3 O-O 8.
Qc2 Re8+ 9. Ne2 h5 10. O-O h4 11. Bf4 Bg4 12. Rfe1 Bxe2 13. Bxd6 Bxd3 14. Qxd3
Na6 15. Bf4 Qd5 16. c4 Qd7 17. h3 Nc5 18. Rxe8+ Rxe8 19. Qd1 Ne6 20. Be3 Rd8 21.
Qb3 f5 22. d5 cxd5 23. cxd5 Qxd5 24. Qxd5 Rxd5 25. Bxa7 Rd2 26. b4 Rb2 27. a3
Rb3 28. Bb6 g5 29. Ba5 g4 30. hxg4 fxg4 31. a4 f5 32. b5 f4 33. Be1 f3 34. gxf3
Rxf3 35. a5 Nd4 36. a6 bxa6 37. bxa6 Rf8 38. Bb4 Ra8 39. Bd6 Kf7 40. Ra4 Nf3+
41. Kf1 Ke6 42. Bf4 Kf5 43. Bc7 Re8 44. Ra5+ Kg6 45. Ra1 Nd2+ 46. Kg2 h3+ 47.
Kh2 Ne4 48. a7 Ra8 49. Bb6 Kf5 50. Be3 Nd6 51. Rb1 Nc8 52. Rb8 Rxa7 53. Rxc8 Rf7
54. Rg8 Rh7 55. Rg5+ 1-0

[Event "Djerba Open A 2025"]
[Site "Djerba TUN"]
[Date "2025.02.18"]
[Round "3.5"]
[White "Stopa, Jacek"]
[Black "Gemelli, Romain"]
[Result "1-0"]
[WhiteTitle "GM"]
[WhiteElo "2310"]
[BlackElo "2203"]
[WhiteFideId "1119591"]
[BlackFideId "1336401"]
[EventDate "2025.02.16"]

1. d4 Nf6 2. c4 e6 3. Nc3 Bb4 4. e3 O-O 5. Bd3 d5 6. cxd5 exd5 7. Ne2 Re8 8. O-O
b6 9. a3 Bd6 10. b4 Bb7 11. f3 Nbd7 12. Rb1 a6 13. Qc2 Qe7 14. g4 h6 15. Ng3 g6
16. Qf2 Nf8 17. e4 Bxg3 18. hxg3 dxe4 19. Nxe4 g5 20. Bb2 Nd5 21. Rbe1 Qd7 22.
Nd2 Rxe1 23. Rxe1 Re8 24. Bf5 Rxe1+ 25. Qxe1 Qe7 26. Ne4 Ne6 27. Kf2 Kg7 28. Nc3
Qd6 29. Qe5+ Qxe5 30. dxe5 Nxc3 31. Bxc3 Kf8 32. Ke3 Ke7 33. f4 Bd5 34. Bd3 b5
35. f5 Nf8 36. Be4 Bxe4 37. Kxe4 c6 38. Bd4 Nd7 39. Ke3 Ke8 40. Kf3 Kd8 41. Ke4
Ke7 42. Bc3 Nb6 43. Kd4 Kd7 44. Kd3 Nc4 45. a4 Nb6 46. a5 Nd5 47. Kd4 Kc7 48.
Bd2 Kd7 49. Kc5 Kc7 50. Kd4 Kd7 51. Kc5 Kc7 52. e6 fxe6 53. fxe6 Nf6 54. e7 Ne8
55. Bc3 Kd7 56. Kb6 Nc7 57. e8=Q+ Nxe8 58. Kxa6 Nd6 59. Kb6 Nc4+ 60. Kb7 Nd6+
61. Kb8 1-0

[Event "Djerba Open A 2025"]
[Site "Djerba TUN"]
[Date "2025.02.18"]
[Round "3.6"]
[White "Willems, Niels"]
[Black "Cornileau, Juliette"]
[Result "1-0"]
[WhiteTitle "FM"]
[BlackTitle "WFM"]
[WhiteElo "2414"]
[BlackElo "2144"]
[WhiteFideId "20695586"]
[BlackFideId "36083372"]
[EventDate "2025.02.16"]

1. c4 e6 2. Nc3 d5 3. e3 Nf6 4. Nf3 Bd6 5. b3 O-O 6. Bb2 Re8 7. Be2 a6 8. O-O b6
9. cxd5 exd5 10. Rc1 Nbd7 11. Re1 Bb7 12. Bf1 Rc8 13. g3 Bf8 14. Bg2 Nc5 15. d3
Qd7 16. Ne2 Qb5 17. Bxf6 gxf6 18. Nf4 Nd7 19. Nd4 Qa5 20. Qg4+ Kh8 21. Qxd7 c5
22. Qxb7 cxd4 23. Qxd5 Bc5 24. e4 Re5 25. Qxf7 Rf8 26. Qc4 Bb4 27. Rf1 1-0

[Event "Djerba Open A 2025"]
[Site "Djerba TUN"]
[Date "2025.02.18"]
[Round "3.8"]
[White "Hallal, Tarik"]
[Black "Loeffler, Markus"]
[Result "1-0"]
[BlackTitle "IM"]
[WhiteElo "2083"]
[BlackElo "2232"]
[WhiteFideId "7924887"]
[BlackFideId "4604822"]
[EventDate "2025.02.16"]

1. e4 c5 2. Nf3 d6 3. d4 cxd4 4. Nxd4 Nf6 5. Nc3 Bd7 6. Be2 Nc6 7. Bg5 Qa5 8.
Bxf6 gxf6 9. O-O Rc8 10. Nd5 Qd8 11. Bh5 e6 12. Ne3 Nxd4 13. Qxd4 Rc5 14. Be2 a6
15. b4 Rc8 16. Rad1 Be7 17. f4 Qc7 18. c4 Ba4 19. Rd2 b5 20. f5 bxc4 21. fxe6
fxe6 22. Nxc4 Bb5 23. Bh5+ Kd8 24. Nxd6 Qxd6 25. Qb6+ Kd7 26. Rxd6+ Bxd6 27. Rd1
Rc6 28. Qa7+ Kc8 29. Rxd6 1-0